[Event "M.Chigorin Memorial -2016 "]
[Site "?"]
[Date "2016.10.15"]
[Round "1.1"]
[White "Smirin, Ilia"]
[Black "Azimov, Ilyas"]
[Result "1-0"]
[WhiteElo "2685"]
[BlackElo "2151"]
[PlyCount "47"]
[EventDate "2016.??.??"]

1. e4 c5 2. Nf3 d6 3. d4 cxd4 4. Nxd4 Nf6 5. Nc3 g6 6. Be3 Bg7 7. f3 a6 8. Qd2
h5 9. Nd5 b5 10. Nxb5 axb5 11. Bb6 Qd7 12. Bxb5 Nc6 13. Nc7+ Kf8 14. Nxa8 Qb7
15. Bxc6 Qxc6 16. Qa5 Bb7 17. Nc7 Nd7 18. Nd5 e6 19. Bf2 Bxb2 20. Rb1 Qxc2 21.
O-O exd5 22. Qb4 Be5 23. Qxb7 Nf6 24. f4 1-0

[Event "M.Chigorin Memorial -2016 "]
[Site "?"]
[Date "2016.10.15"]
[Round "1.2"]
[White "Feduk, Viktor"]
[Black "Artemiev, Vladislav"]
[Result "0-1"]
[WhiteElo "2150"]
[BlackElo "2663"]
[PlyCount "56"]
[EventDate "2016.??.??"]

1. e4 c5 2. c3 Nf6 3. e5 Nd5 4. d4 cxd4 5. cxd4 d6 6. Nf3 e6 7. Nc3 Nxc3 8.
bxc3 Qc7 9. Bd2 Nd7 10. Bd3 dxe5 11. O-O Bd6 12. Re1 b6 13. Ng5 Bb7 14. Qh5 Nf6
15. Bb5+ Kf8 16. Qh3 e4 17. f3 exf3 18. Nxf3 Ne4 19. Rf1 Nxd2 20. Nxd2 Bf4 21.
Nf3 Qxc3 22. Qg4 Qe3+ 23. Kh1 h5 24. Qh3 g5 25. Rae1 g4 26. Rxe3 gxh3 27. Rd3
hxg2+ 28. Kxg2 Rc8 0-1

[Event "M.Chigorin Memorial -2016 "]
[Site "?"]
[Date "2016.10.15"]
[Round "1.3"]
[White "Sjugirov, Sanan"]
[Black "Fomin, Andrey"]
[Result "1-0"]
[WhiteElo "2660"]
[BlackElo "2150"]
[PlyCount "65"]
[EventDate "2016.??.??"]

1. d4 d5 2. c4 Nc6 3. cxd5 Qxd5 4. e3 e5 5. Nc3 Bb4 6. a3 Bxc3+ 7. bxc3 Nf6 8.
c4 Qd6 9. d5 Ne7 10. a4 O-O 11. Ba3 Qd8 12. Nf3 Bg4 13. Be2 Bxf3 14. Bxf3 e4
15. Be2 Re8 16. h4 b6 17. g4 c6 18. d6 Ng6 19. Qc2 Ne5 20. g5 Nfd7 21. Qxe4 Nc5
22. Bxc5 bxc5 23. Rd1 Qa5+ 24. Kf1 Qxa4 25. h5 Nd7 26. Qf5 Re6 27. g6 Nf6 28.
gxf7+ Kxf7 29. Rg1 Ree8 30. Rxg7+ Kxg7 31. h6+ Kf7 32. Bh5+ Kg8 33. Qg5+ 1-0

[Event "M.Chigorin Memorial -2016 "]
[Site "?"]
[Date "2016.10.15"]
[Round "1.5"]
[White "Alekseev, Evgeny"]
[Black "Vunder, Andrey"]
[Result "1-0"]
[WhiteElo "2636"]
[BlackElo "2147"]
[PlyCount "79"]
[EventDate "2016.??.??"]

1. Nf3 d5 2. e3 Nf6 3. c4 e6 4. b3 c5 5. Bb2 Nc6 6. cxd5 exd5 7. Bb5 Bd6 8. d4
O-O 9. dxc5 Bxc5 10. O-O Bg4 11. Nc3 Rc8 12. Rc1 Bd6 13. Be2 Bb8 14. Re1 Re8
15. Nd4 Qd6 16. g3 Bh3 17. Nxc6 bxc6 18. Bf3 Qd7 19. Na4 Qf5 20. Bxf6 Qxf6 21.
Bg4 Bxg4 22. Qxg4 Bd6 23. Red1 Qe6 24. Qd4 Qe7 25. Rc2 h5 26. Kg2 Be5 27. Qd3
h4 28. Qf5 hxg3 29. hxg3 g6 30. Qg4 Kg7 31. Rdc1 Rh8 32. Nc5 f5 33. Qf3 Bd6 34.
b4 Rhd8 35. a3 Qf7 36. Nb3 Qe8 37. Nd4 a5 38. Rxc6 axb4 39. Qxd5 Rxc6 40. Rxc6
1-0

[Event "M.Chigorin Memorial -2016 "]
[Site "?"]
[Date "2016.10.15"]
[Round "1.6"]
[White "Drogovoz, Irina"]
[Black "Gajewski, Grzegorz"]
[Result "0-1"]
[WhiteElo "2144"]
[BlackElo "2621"]
[PlyCount "60"]
[EventDate "2016.??.??"]

1. Nf3 d5 2. g3 c6 3. Bg2 Bg4 4. O-O Nd7 5. d4 e6 6. b3 Ngf6 7. c4 Be7 8. Nc3
O-O 9. Bb2 Qb8 10. h3 Bh5 11. Ne5 Nxe5 12. dxe5 Nd7 13. cxd5 cxd5 14. g4 Bg6
15. e4 Nc5 16. exd5 Qxe5 17. Re1 Qf4 18. Ne2 Qd6 19. Ba3 Qa6 20. Bb4 Qb6 21.
Ba3 Bf6 22. Bxc5 Qxc5 23. Rc1 Qb6 24. Nf4 Bd4 25. Qd2 e5 26. Nxg6 fxg6 27. Re2
Rf4 28. Rf1 Raf8 29. Be4 Qf6 30. Kg2 Rxe4 0-1

[Event "M.Chigorin Memorial -2016 "]
[Site "?"]
[Date "2016.10.15"]
[Round "1.7"]
[White "Romanov, Evgeny"]
[Black "Shubin, Alexey"]
[Result "1-0"]
[WhiteElo "2619"]
[BlackElo "2141"]
[PlyCount "51"]
[EventDate "2016.??.??"]

1. d4 Nf6 2. Nf3 c5 3. d5 d6 4. Nc3 e5 5. e4 Be7 6. Be2 a6 7. a4 Nbd7 8. Nd2 h5
9. Nc4 Nf8 10. h4 Ng6 11. g3 Bg4 12. f3 Bd7 13. a5 Nh7 14. Be3 O-O 15. Nb6 Rb8
16. Qd2 f5 17. exf5 Bxf5 18. O-O-O Nf6 19. Bd3 Bxd3 20. Qxd3 Nh8 21. Qf5 Qe8
22. Bg5 Rd8 23. Rhe1 g6 24. Qe6+ Qf7 25. f4 Qxe6 26. dxe6 1-0

[Event "M.Chigorin Memorial -2016 "]
[Site "?"]
[Date "2016.10.15"]
[Round "1.9"]
[White "Khismatullin, Denis"]
[Black "Zherebtsova, Alexandra"]
[Result "1-0"]
[WhiteElo "2617"]
[BlackElo "2139"]
[PlyCount "53"]
[EventDate "2016.??.??"]

1. Nf3 Nc6 2. d4 d5 3. Bf4 Bg4 4. e3 e6 5. c4 Bd6 6. cxd5 exd5 7. Bg3 Bxg3 8.
hxg3 Qd6 9. Nc3 Nf6 10. Be2 O-O 11. Rc1 Bxf3 12. gxf3 Nd8 13. f4 Re8 14. Kf1 c6
15. Bd3 Ne6 16. Kg2 h6 17. Rh4 Qe7 18. Qh1 Nf8 19. g4 Ne4 20. Nxe4 dxe4 21. Bc4
Ng6 22. Rh5 Qd7 23. Rf5 Re7 24. Qh5 Nf8 25. Rh1 Rc8 26. Rf6 Nh7 27. Rg6 1-0

[Event "M.Chigorin Memorial -2016 "]
[Site "?"]
[Date "2016.10.15"]
[Round "1.10"]
[White "Avalyan, Artur"]
[Black "Lu, Shanglei"]
[Result "0-1"]
[WhiteElo "2138"]
[BlackElo "2615"]
[PlyCount "120"]
[EventDate "2016.??.??"]

1. d4 Nf6 2. c4 e6 3. Nc3 d5 4. cxd5 exd5 5. Bg5 c6 6. e3 Be7 7. Qc2 O-O 8. Bd3
h6 9. Bh4 b6 10. Nge2 Nbd7 11. O-O Bb7 12. f3 c5 13. Rad1 Re8 14. Bf2 Rc8 15.
Qb1 a6 16. Kh1 Qc7 17. Bf5 Bd6 18. Bg1 Rcd8 19. a3 b5 20. Rc1 Qb8 21. dxc5 Bxc5
22. Nd4 Nb6 23. Qd3 Nc4 24. Nd1 Bc8 25. Rc2 Bxd4 26. exd4 Nh5 27. g3 Nf6 28.
Bxc8 Rxc8 29. Ne3 Nxe3 30. Rxc8 Qxc8 31. Bxe3 Qc4 32. Qxc4 dxc4 33. Re1 Nd5 34.
Bd2 Rxe1+ 35. Bxe1 f6 36. Kg1 Kf7 37. Kf2 Ke6 38. Bd2 h5 39. g4 h4 40. f4 f5
41. g5 g6 42. h3 Nb6 43. Ke2 Kd5 44. Ke3 Na4 45. Bc1 Kc6 46. Ke2 Kd7 47. Kf2 a5
48. Bd2 Nxb2 49. Bxa5 c3 50. Ke2 c2 51. Bd2 Kc6 52. Bc1 Nc4 53. Kd3 Kd5 54.
Kxc2 Kxd4 55. Kb3 Ke4 56. a4 Na5+ 57. Kb4 bxa4 58. Kxa5 Kf3 59. Kb4 Kg3 60. Kc3
Kxh3 0-1

[Event "M.Chigorin Memorial -2016 "]
[Site "?"]
[Date "2016.10.15"]
[Round "1.11"]
[White "Fier, Alexandr"]
[Black "Hakobyan, Hovhannes H"]
[Result "1-0"]
[WhiteElo "2614"]
[BlackElo "2136"]
[PlyCount "79"]
[EventDate "2016.??.??"]

1. d4 Nf6 2. Bg5 e6 3. e4 d5 4. e5 h6 5. Be3 Nfd7 6. f4 c5 7. c3 Nc6 8. Nf3 Be7
9. Bd3 Rb8 10. O-O b5 11. a3 a5 12. Qe1 g6 13. Qg3 cxd4 14. Nxd4 Nxd4 15. Bxd4
Rg8 16. Nd2 Nc5 17. Bc2 Bd7 18. Qe3 Qc7 19. g4 Na4 20. Ra2 Nb6 21. b4 Nc4 22.
Nxc4 dxc4 23. Be4 Bc6 24. Rg2 a4 25. Rff2 Qb7 26. Bxc6+ Qxc6 27. f5 Bg5 28. Qe2
Rb7 29. f6 Rd7 30. Rf1 Rh8 31. Qe1 h5 32. h4 Bh6 33. g5 Bf8 34. Qe3 Kd8 35. Rd2
Kc8 36. Rfd1 Rd5 37. Bb6 Kb7 38. Ba5 Ka6 39. Rxd5 exd5 40. Rxd5 1-0

[Event "M.Chigorin Memorial -2016 "]
[Site "Ñàíêò-Ïåòåðáóðã "]
[Date "2016.10.15"]
[Round "1.13"]
[White "Kovalev, Vladislav"]
[Black "Korchagina, Viktoria"]
[Result "1-0"]
[WhiteElo "2609"]
[BlackElo "2126"]
[PlyCount "37"]
[EventDate "2016.10.15"]

1. d4 Nf6 2. Bf4 g6 3. Nc3 Bg7 4. e4 d6 5. Qd2 b6 6. O-O-O O-O 7. Bh6 Bb7 8. f3
c5 9. d5 a6 10. h4 Bxh6 11. Qxh6 b5 12. h5 b4 13. Nb1 Nbd7 14. Nh3 Re8 15. hxg6
fxg6 16. Nf4 Nf8 17. g4 Kf7 18. g5 Nh5 19. Rxh5 1-0

[Event "M.Chigorin Memorial -2016 "]
[Site "Ñàíêò-Ïåòåðáóðã "]
[Date "2016.10.15"]
[Round "1.14"]
[White "Barchuk, Irina"]
[Black "Volkov, Sergey"]
[Result "0-1"]
[WhiteElo "2126"]
[BlackElo "2609"]
[PlyCount "62"]
[EventDate "2016.10.15"]

1. e4 e6 2. d4 d5 3. Nc3 Nf6 4. e5 Nfd7 5. f4 c5 6. Nf3 Be7 7. Be3 O-O 8. Be2
b6 9. O-O Ba6 10. Bxa6 Nxa6 11. Qe2 Nb4 12. Rad1 Rc8 13. Kh1 Kh8 14. Rd2 f6 15.
exf6 Bxf6 16. Re1 Re8 17. Ne5 Nxe5 18. fxe5 Be7 19. Qg4 cxd4 20. Bxd4 Nc6 21.
Ne2 Bg5 22. Rd3 Nb4 23. Rg3 Nxc2 24. Rd1 Bh6 25. h4 Qe7 26. Rdd3 Rf8 27. Bc3
Rc4 28. Nd4 Nxd4 29. Rxd4 Rf1+ 30. Kh2 Rxd4 31. Qxd4 Bf4 0-1

[Event "M.Chigorin Memorial -2016 "]
[Site "Ñàíêò-Ïåòåðáóðã "]
[Date "2016.10.15"]
[Round "1.15"]
[White "Eliseev, Urii"]
[Black "Utiatskaja, Irina"]
[Result "1-0"]
[WhiteElo "2606"]
[BlackElo "2123"]
[PlyCount "64"]
[EventDate "2016.10.15"]

1. e4 c5 2. Nf3 d6 3. d4 cxd4 4. Nxd4 Nf6 5. Nc3 a6 6. Bg5 e6 7. f4 Be7 8. Qf3
h6 9. Bh4 Qc7 10. O-O-O Nbd7 11. f5 e5 12. Nde2 b5 13. Bxf6 Nxf6 14. Nd5 Nxd5
15. exd5 e4 16. Qxe4 O-O 17. Nf4 Bb7 18. Nh5 Bg5+ 19. Kb1 Qd8 20. Qg4 Bf6 21.
Bd3 Kh8 22. Rhe1 Bxd5 23. Re3 Rc8 24. c3 Qa5 25. a3 Bb3 26. Nxf6 Bxd1 27. Qxd1
Qa4 28. Qxa4 bxa4 29. Nd5 a5 30. Bb5 Rc5 31. c4 Rb8 32. Rd3 Re8 1-0

[Event "M.Chigorin Memorial -2016 "]
[Site "Ñàíêò-Ïåòåðáóðã "]
[Date "2016.10.15"]
[Round "1.16"]
[White "Krasovskiy, Sviatoslav"]
[Black "Timofeev, Artyom"]
[Result "0-1"]
[WhiteElo "2123"]
[BlackElo "2601"]
[PlyCount "62"]
[EventDate "2016.10.15"]

1. c4 e6 2. Nc3 d5 3. cxd5 exd5 4. d4 c6 5. Nf3 Bd6 6. Bg5 Ne7 7. e3 Qb6 8. Rb1
Bg4 9. Qc2 Ng6 10. Bd3 O-O 11. h4 Re8 12. h5 Nf8 13. h6 g6 14. Rh4 Bxf3 15.
gxf3 Ne6 16. Rg4 Nxd4 17. Qd1 Ne6 18. f4 Nxg5 19. f5 Be7 20. Qc2 Kh8 21. fxg6
hxg6 22. Bxg6 fxg6 23. Qxg6 Rg8 24. Qf5 Qd8 25. f4 Qf8 26. Qxf8 Rxf8 27. fxg5
Rf5 28. Ke2 Rxg5 29. Rbg1 Rxg4 30. Rxg4 Bf6 31. Rg6 Nd7 0-1

[Event "M.Chigorin Memorial -2016 "]
[Site "Ñàíêò-Ïåòåðáóðã "]
[Date "2016.10.15"]
[Round "1.18"]
[White "Veselov, Andrey"]
[Black "Rozum, Ivan"]
[Result "0-1"]
[WhiteElo "2122"]
[BlackElo "2590"]
[PlyCount "68"]
[EventDate "2016.10.15"]

1. e4 c6 2. Nc3 d5 3. Nf3 Bg4 4. h3 Bxf3 5. Qxf3 e6 6. d3 Nd7 7. Bd2 Bc5 8. Qg3
Bd4 9. O-O-O Qb6 10. f4 Ne7 11. Qf3 Nc5 12. Re1 g6 13. Nd1 Bg7 14. f5 dxe4 15.
dxe4 Be5 16. b4 Na6 17. fxe6 fxe6 18. Qb3 Nc7 19. Be3 Bd4 20. Bg5 h6 21. Bxe7
Kxe7 22. Bc4 a5 23. c3 Be5 24. Rhf1 axb4 25. cxb4 Qd4 26. Ne3 b5 27. Bd3 Rhd8
28. Rf3 Qa1+ 29. Bb1 Rxa2 30. Ref1 Bb2+ 31. Kc2 Bc3+ 32. Qxa2 Rd2+ 33. Kb3 Rxa2
34. Rf7+ Kd8 0-1

[Event "M.Chigorin Memorial -2016 "]
[Site "Ñàíêò-Ïåòåðáóðã "]
[Date "2016.10.15"]
[Round "1.20"]
[White "Sazonova, Anastasia"]
[Black "Pridorozhni, Aleksei"]
[Result "0-1"]
[WhiteElo "2115"]
[BlackElo "2579"]
[PlyCount "58"]
[EventDate "2016.10.15"]

1. d4 d5 2. c4 e6 3. Nf3 c6 4. Nc3 Nf6 5. Qd3 dxc4 6. Qxc4 b5 7. Qd3 Bb7 8. Bg5
Nbd7 9. e4 b4 10. Na4 Qa5 11. b3 c5 12. Bxf6 gxf6 13. d5 O-O-O 14. dxe6 fxe6
15. Qc4 Rg8 16. Qxe6 Bh6 17. Bd3 Rxg2 18. Qh3 c4 19. Bxc4 Rg6 20. Bd3 Kb8 21.
Rd1 Ne5 22. Nxe5 Qxe5 23. Qf3 f5 24. Bb1 Rxd1+ 25. Qxd1 Rd6 26. Qe2 Bd2+ 27.
Qxd2 Rxd2 28. Kxd2 Qf4+ 29. Ke2 Bxe4 0-1

[Event "M.Chigorin Memorial -2016 "]
[Site "Ñàíêò-Ïåòåðáóðã "]
[Date "2016.10.15"]
[Round "1.21"]
[White "Huzman, Alexander"]
[Black "Golikov, Daniil"]
[Result "1/2-1/2"]
[WhiteElo "2577"]
[BlackElo "2114"]
[PlyCount "90"]
[EventDate "2016.10.15"]

1. Nf3 d5 2. d4 Nf6 3. c4 c6 4. e3 e6 5. Bd3 Nbd7 6. Nbd2 b6 7. e4 dxe4 8. Nxe4
Nxe4 9. Bxe4 Bb7 10. O-O Nf6 11. Bg5 Be7 12. Bxf6 Bxf6 13. Qa4 Qc7 14. Rac1 O-O
15. c5 b5 16. Qc2 g6 17. Rcd1 Rad8 18. g3 Rd7 19. Ne5 Bxe5 20. dxe5 Rxd1 21.
Rxd1 Qxe5 22. Rd7 f5 23. Bf3 f4 24. Qe4 Qxe4 25. Bxe4 Rf7 26. Rxf7 Kxf7 27.
gxf4 Kf6 28. Kg2 a5 29. a3 Ba8 30. Kf3 Bb7 31. Ke3 Ba8 32. b4 axb4 33. axb4 Bb7
34. h4 h6 35. h5 g5 36. fxg5+ Kxg5 37. f4+ Kf6 38. Kd4 Ba8 39. Bg6 Bb7 40. Ke4
Bc8 41. Be8 Bb7 42. f5 exf5+ 43. Kf4 Ke7 44. Bg6 Bc8 45. Ke5 Be6 1/2-1/2

[Event "M.Chigorin Memorial -2016 "]
[Site "Ñàíêò-Ïåòåðáóðã "]
[Date "2016.10.15"]
[Round "1.22"]
[White "Nikitinyh, Boris"]
[Black "Sengupta, Deep"]
[Result "0-1"]
[WhiteElo "2114"]
[BlackElo "2570"]
[PlyCount "52"]
[EventDate "2016.10.15"]

1. e4 e6 2. g3 d5 3. Nc3 d4 4. Nce2 c5 5. d3 Nc6 6. Bg2 g6 7. f4 Bg7 8. Nf3
Nge7 9. O-O O-O 10. Bd2 b6 11. Qe1 f5 12. Rd1 Bb7 13. h3 Qd7 14. g4 Rae8 15.
Ng3 e5 16. Nh2 fxe4 17. Nxe4 Nd5 18. f5 Nce7 19. fxg6 Nxg6 20. Qg3 Ngf4 21. Bf3
Ne3 22. Bxe3 dxe3 23. Rfe1 e2 24. Bxe2 Bxe4 25. dxe4 Nxe2+ 26. Kg2 Qb5 0-1

[Event "M.Chigorin Memorial -2016 "]
[Site "Ñàíêò-Ïåòåðáóðã "]
[Date "2016.10.15"]
[Round "1.23"]
[White "Aleksandrov, Aleksej"]
[Black "Yeritsyan, Aram"]
[Result "1-0"]
[WhiteElo "2568"]
[BlackElo "2114"]
[PlyCount "85"]
[EventDate "2016.10.15"]

1. d4 Nf6 2. c4 e6 3. Nc3 Bb4 4. e3 O-O 5. Bd3 d5 6. cxd5 exd5 7. Nge2 Bd6 8.
O-O Re8 9. Bd2 a6 10. a3 Nbd7 11. Qb3 Ne4 12. Be1 Nxc3 13. bxc3 Nf6 14. h3 b5
15. a4 Bd7 16. axb5 axb5 17. Rxa8 Qxa8 18. Qb1 g6 19. Bd2 Ne4 20. Bc1 f5 21. f3
Ng3 22. Nxg3 Bxg3 23. Bd2 Qc6 24. Qb3 Kh8 25. Rb1 Ra8 26. Kf1 Qd6 27. Qb2 c6
28. Ra1 Rxa1+ 29. Qxa1 Qc7 30. Qa8+ Qb8 31. Qa6 Bd6 32. Bc1 Qc8 33. Bxb5 Qb8
34. Bd3 Qb3 35. Qa8+ Kg7 36. Qa7 Qd1+ 37. Kf2 Qxd3 38. Qxd7+ Kh6 39. Qxd6 Qc2+
40. Kg3 Qxc1 41. Qf8+ Kg5 42. Qe7+ Kh6 43. Kh4 1-0

[Event "M.Chigorin Memorial -2016 "]
[Site "Ñàíêò-Ïåòåðáóðã "]
[Date "2016.10.15"]
[Round "1.24"]
[White "Enkhbat, Tsendragchaa"]
[Black "Fedorov, Alexei"]
[Result "0-1"]
[WhiteElo "2113"]
[BlackElo "2567"]
[PlyCount "83"]
[EventDate "2016.10.15"]

1. e4 c5 2. Nf3 Nc6 3. d4 cxd4 4. Nxd4 Qb6 5. Nb3 Nf6 6. Nc3 e6 7. Be3 Qc7 8.
a3 a6 9. f4 d6 10. Qf3 b5 11. Bd3 Bb7 12. O-O Be7 13. Nd4 Na5 14. Kh1 Nc4 15.
Bc1 Rc8 16. Nde2 O-O 17. b3 Nb6 18. Bb2 g6 19. Qh3 e5 20. fxe5 dxe5 21. Bc1 Qd7
22. Qg3 Qe6 23. Bh6 Rfd8 24. Bg5 Nfd7 25. Bxe7 Qxe7 26. Rf2 Rf8 27. b4 Nc4 28.
Rff1 Ndb6 29. a4 bxa4 30. Nxa4 Nxa4 31. Rxa4 Nd2 32. Re1 Nxe4 33. Bxe4 Bxe4 34.
Nc3 Bb7 35. Rxe5 Qf6 36. Ra1 Rfd8 37. Rae1 Rd2 38. R5e2 Rd4 39. b5 Rf4 40. Re8+
Kg7 41. Ne2 Rxe8 42. Nxf4 0-1

[Event "M.Chigorin Memorial -2016 "]
[Site "Ñàíêò-Ïåòåðáóðã "]
[Date "2016.10.15"]
[Round "1.25"]
[White "Stupak, Kirill"]
[Black "Peev, Kosta"]
[Result "1-0"]
[WhiteElo "2564"]
[BlackElo "2108"]
[PlyCount "63"]
[EventDate "2016.10.15"]

1. d4 Nf6 2. g3 c6 3. Bg2 d5 4. Nf3 Bf5 5. O-O e6 6. c4 Bd6 7. Nc3 O-O 8. Qb3
Qc8 9. Nh4 Bg4 10. f3 Bh5 11. e4 c5 12. cxd5 cxd4 13. Nb5 Bc5 14. Bf4 Na6 15.
Rac1 Qd7 16. Bh3 Rfe8 17. Be5 Rac8 18. Bxd4 Bxd4+ 19. Nxd4 Nc5 20. Qb5 Qd6 21.
Rc3 g5 22. Ng2 g4 23. fxg4 Nxg4 24. Nf4 Qe5 25. Nf3 Qxe4 26. Nxh5 a6 27. Qc4
Qxc4 28. Rxc4 Ne3 29. Nf6+ Kf8 30. Rc3 Nxf1 31. Nxe8 Kxe8 32. Bxf1 1-0

[Event "M.Chigorin Memorial -2016 "]
[Site "Ñàíêò-Ïåòåðáóðã "]
[Date "2016.10.15"]
[Round "1.26"]
[White "Tersinsev, Andrey"]
[Black "Gordievsky, Dmitry"]
[Result "0-1"]
[WhiteElo "2107"]
[BlackElo "2555"]
[PlyCount "86"]
[EventDate "2016.10.15"]

1. d4 Nf6 2. c4 g6 3. Nc3 d5 4. cxd5 Nxd5 5. e4 Nxc3 6. bxc3 Bg7 7. Be3 c5 8.
Qd2 Qa5 9. Rc1 Nd7 10. Nf3 O-O 11. Bd3 e5 12. Rc2 Qc7 13. O-O b6 14. Bh6 Bb7
15. Re1 c4 16. Bf1 Rad8 17. Bxg7 Kxg7 18. Qe2 Rc8 19. Nd2 b5 20. a4 exd4 21.
cxd4 c3 22. Rb1 Qf4 23. g3 Qd6 24. Nb3 b4 25. Na5 Ba8 26. Qd3 Qc7 27. Nb3 f5
28. d5 fxe4 29. Qd4+ Qe5 30. Bh3 Qxd4 31. Nxd4 Rc4 32. Ne6+ Kf6 33. Nxf8 Nxf8
34. d6 Rd4 35. Kf1 a5 36. d7 Nxd7 37. Bxd7 Rxd7 38. Ke2 Bc6 39. Ra1 Rd3 40.
Rcc1 b3 41. Ra3 b2 42. Raxc3 Rxc3 43. Rxc3 Bxa4 0-1

[Event "M.Chigorin Memorial -2016 "]
[Site "Ñàíêò-Ïåòåðáóðã "]
[Date "2016.10.15"]
[Round "1.27"]
[White "Alekseenko, Kirill"]
[Black "Rudenko, Naum"]
[Result "1-0"]
[WhiteElo "2554"]
[BlackElo "2102"]
[PlyCount "85"]
[EventDate "2016.10.15"]

1. e4 e5 2. Nf3 Nf6 3. d3 Nc6 4. g3 d5 5. exd5 Nxd5 6. Bg2 Be7 7. O-O O-O 8.
Nbd2 Be6 9. Re1 f6 10. Qe2 Qd7 11. Nb3 Rfe8 12. d4 Bh3 13. dxe5 Bb4 14. Rd1
Nxe5 15. c3 Rad8 16. Nxe5 Rxe5 17. Qf1 Bxg2 18. Qxg2 Nxc3 19. Rxd7 Re1+ 20. Qf1
Ne2+ 21. Kg2 Rxd7 22. Be3 Rxf1 23. Kxf1 Nc3 24. bxc3 Bxc3 25. Rc1 Bb4 26. Bc5
Bxc5 27. Nxc5 Rd2 28. Nxb7 Rxa2 29. Rxc7 a5 30. Nd6 Kf8 31. Rf7+ Kg8 32. Ra7
Kf8 33. Kg2 Ra1 34. Nc4 a4 35. Nb6 a3 36. Nc4 a2 37. Ne3 g6 38. Nc2 Rc1 39.
Rxa2 Kg7 40. Ra7+ Kh6 41. Ne3 f5 42. Nd5 g5 43. Rf7 1-0

[Event "M.Chigorin Memorial -2016 "]
[Site "Ñàíêò-Ïåòåðáóðã "]
[Date "2016.10.15"]
[Round "1.28"]
[White "Navrodskiy, Boris"]
[Black "Idani, Pouya"]
[Result "0-1"]
[WhiteElo "2099"]
[BlackElo "2551"]
[PlyCount "92"]
[EventDate "2016.10.15"]

1. d4 Nf6 2. c4 e6 3. Nf3 c5 4. g3 b6 5. Bg2 Bb7 6. O-O cxd4 7. Qxd4 d6 8. b3
Be7 9. Bb2 O-O 10. Rd1 Nbd7 11. Nc3 a6 12. Rac1 Qc7 13. e4 Rac8 14. h3 Rfd8 15.
Qe3 Qb8 16. Nd4 Bf8 17. f4 Re8 18. Kh1 Qa8 19. Re1 Nc5 20. Nc2 d5 21. Na4 Nxa4
22. Bxf6 Nc5 23. Bd4 dxe4 24. Rcd1 b5 25. Re2 bxc4 26. bxc4 f5 27. Ne1 Rc7 28.
Be5 Rd7 29. Rxd7 Nxd7 30. Bd4 Qc8 31. Qb3 Nc5 32. Qb6 Rd8 33. Be3 Rd1 34. Kh2
Qc6 35. Qxc6 Bxc6 36. Bf2 Na4 37. Nc2 Nc3 38. Ne3 Ra1 39. Rb2 Rxa2 40. Rb6 Rxf2
41. Rxc6 Re2 42. Nf1 a5 43. c5 a4 44. Rc8 a3 45. c6 Nd5 46. c7 Rc2 0-1

[Event "M.Chigorin Memorial -2016 "]
[Site "Ñàíêò-Ïåòåðáóðã "]
[Date "2016.10.15"]
[Round "1.29"]
[White "Chigaev, Maksim"]
[Black "Svidinsky, Dmitry"]
[Result "1/2-1/2"]
[WhiteElo "2551"]
[BlackElo "2099"]
[PlyCount "93"]
[EventDate "2016.10.15"]

1. e4 e5 2. Nf3 Nc6 3. Bc4 Bc5 4. d3 Nf6 5. c3 a6 6. a4 d6 7. O-O Ba7 8. Na3
O-O 9. Nc2 h6 10. h3 Re8 11. Be3 Be6 12. Bxe6 Rxe6 13. Bxa7 Rxa7 14. Ne3 Ra8
15. Qb3 Rb8 16. a5 Ne7 17. Rfe1 Ng6 18. g3 c6 19. Qc2 Qc7 20. b4 d5 21. c4 d4
22. Ng2 c5 23. b5 b6 24. axb6 Rbxb6 25. Ra5 Rxb5 26. Rxb5 axb5 27. cxb5 Nd7 28.
Nd2 Rb6 29. Qa4 Rb8 30. Rb1 Ne7 31. Nh4 Nc8 32. Nf5 Kh7 33. Nc4 g6 34. Nh4 Ndb6
35. Qc2 Nxc4 36. dxc4 Ra8 37. Nf3 Nb6 38. Nd2 Ra4 39. h4 Qd7 40. Qd3 Qe6 41.
Rc1 Kg7 42. Kg2 Kf8 43. Nb3 Qd6 44. Nd2 Qe6 45. Rc2 Qc8 46. Rc1 Qe6 47. Nb3
1/2-1/2

[Event "M.Chigorin Memorial -2016 "]
[Site "Ñàíêò-Ïåòåðáóðã "]
[Date "2016.10.15"]
[Round "1.30"]
[White "Selivanov, Ivan"]
[Black "Burmakin, Vladimir"]
[Result "0-1"]
[WhiteElo "2094"]
[BlackElo "2545"]
[PlyCount "58"]
[EventDate "2016.10.15"]

1. e4 c6 2. d4 d5 3. Nc3 dxe4 4. Nxe4 Nd7 5. Bd3 Ndf6 6. Ng5 Bg4 7. N5f3 e6 8.
Be3 Qb6 9. Qc1 Nd5 10. Ne5 Nxe3 11. fxe3 Nf6 12. Ngf3 Be7 13. O-O Bxf3 14. Rxf3
Qc7 15. Qe1 Bd6 16. Qg3 Bxe5 17. dxe5 Nd7 18. Qxg7 Rf8 19. Bxh7 Nxe5 20. Rff1
O-O-O 21. Be4 Rg8 22. Qf6 Ng4 23. Qf4 f5 24. Bf3 Qb6 25. Rfe1 Qxb2 26. Rab1 Qc3
27. Qa4 Ne5 28. Be2 Qxe3+ 29. Kf1 Rd4 0-1

[Event "M.Chigorin Memorial -2016 "]
[Site "Ñàíêò-Ïåòåðáóðã "]
[Date "2016.10.15"]
[Round "1.31"]
[White "Sunilduth Lyna, Narayanan"]
[Black "Trapeznikova, Darya"]
[Result "1-0"]
[WhiteElo "2536"]
[BlackElo "2093"]
[PlyCount "53"]
[EventDate "2016.10.15"]

1. d4 f5 2. g3 Nf6 3. Bg2 g6 4. Nf3 Bg7 5. O-O d6 6. b3 O-O 7. Bb2 c6 8. c4 Qc7
9. Nbd2 h6 10. Re1 Nbd7 11. Nh4 Kh7 12. e4 e6 13. Qc2 Re8 14. d5 cxd5 15. exf5
exf5 16. Rxe8 Nxe8 17. Bxd5 Nf8 18. Re1 Nf6 19. Bxf6 Bxf6 20. Re8 Bg7 21. Ndf3
Rb8 22. Qe2 Bd7 23. Re7 Qd8 24. Ng2 a5 25. Nf4 b5 26. Rf7 bxc4 27. Qb2 1-0

[Event "M.Chigorin Memorial -2016 "]
[Site "Ñàíêò-Ïåòåðáóðã "]
[Date "2016.10.15"]
[Round "1.32"]
[White "Ivanov, Sergei V"]
[Black "Yuffa, Daniil"]
[Result "0-1"]
[WhiteElo "2093"]
[BlackElo "2534"]
[PlyCount "116"]
[EventDate "2016.10.15"]

1. e4 c6 2. Nc3 d5 3. Qe2 d4 4. Nd1 e5 5. g3 c5 6. d3 Nc6 7. f4 Bd6 8. Nf3 exf4
9. gxf4 Nge7 10. Nf2 Ng6 11. e5 Be7 12. Bg2 Bf5 13. Ne4 Qd7 14. Ng3 Bg4 15. h3
Be6 16. a3 Nh4 17. Nxh4 Bxh4 18. Qf3 Ne7 19. Kd1 Bxg3 20. Qxg3 O-O 21. Be4 Rac8
22. Bd2 Nf5 23. Qg2 c4 24. Rh2 Qb5 25. Ke2 Qxb2 26. Rg1 cxd3+ 27. Bxd3 Rxc2 28.
Bxc2 Qxc2 29. Rc1 Bc4+ 30. Ke1 Qb3 31. h4 Ne3 32. Qe4 Ng4 33. Rg2 Bd5 34. Qe2
Bxg2 35. Qxg2 h5 36. Rc7 Qxa3 37. Rxb7 Qa1+ 38. Ke2 d3+ 39. Kf3 Qd1+ 40. Kg3
Nh6 41. Kh3 Rc8 42. Rd7 Qe2 43. Qxe2 dxe2 44. Kg2 Nf5 45. Kf2 a6 46. Kxe2 Nxh4
47. Rd6 Ra8 48. Ba5 Nf5 49. Rb6 h4 50. Kf3 Kh7 51. Kg4 Ne3+ 52. Kxh4 Nc4 53.
Rb7 Nxa5 54. Rxf7 Nc6 55. Rc7 Nd4 56. Rd7 Nf5+ 57. Kg5 Rf8 58. Ra7 Nh6 0-1

[Event "M.Chigorin Memorial -2016 "]
[Site "Ñàíêò-Ïåòåðáóðã "]
[Date "2016.10.15"]
[Round "1.33"]
[White "Moiseenko, Vadim"]
[Black "Ufimtsev, Egor"]
[Result "1-0"]
[WhiteElo "2528"]
[BlackElo "2088"]
[PlyCount "71"]
[EventDate "2016.10.15"]

1. e4 c5 2. Nf3 e6 3. c4 Nc6 4. Be2 Nf6 5. Nc3 d5 6. exd5 exd5 7. d4 Be6 8. Be3
dxc4 9. Qa4 Qb6 10. O-O-O O-O-O 11. Bxc4 Qb4 12. Bxe6+ fxe6 13. Qxb4 cxb4 14.
Ne2 Bd6 15. Kb1 b6 16. Bg5 h6 17. Bf4 g5 18. Be3 Kb7 19. Nd2 e5 20. Nc4 exd4
21. Nxd4 Bc5 22. Ne6 Rxd1+ 23. Rxd1 Bxe3 24. Nd6+ Kb8 25. fxe3 Nd8 26. Nd4 Ng4
27. e4 Ne5 28. N6f5 Ndf7 29. Ne7 Rf8 30. Ndf5 h5 31. h3 Rd8 32. Nd5 h4 33. Nd4
Nd6 34. Nxb4 Re8 35. Nf3 Nxe4 36. Nxe5 1-0